| 000 | 01159nam a22003257a 4500 | ||
|---|---|---|---|
| 003 | EG-ScBUE | ||
| 005 | 20220629131348.0 | ||
| 008 | 100602s2002 nyua f 000 0 eng d | ||
| 020 | _a9780072330687 | ||
| 020 | _a0072330686 | ||
| 040 |
_aEG-ScBUE _beng _erda _cEG-ScBUE _dEG-ScBUE |
||
| 082 | 0 | 4 |
_222 _a428.64 _bKIR |
| 100 | 1 |
_914492 _aKirn, Elaine, _eauthor. |
|
| 245 | 1 | 0 |
_aInteractions. _n1, _pReading / _cElaine Kirn, West Los Angeles College and Pamela Hartmann, Los Angeles Unified School District. |
| 250 | _aFourth edition. | ||
| 264 | 1 |
_aNew York, NY : _bMcGraw-Hill, _c[2002] |
|
| 264 | 4 | _cc2002 | |
| 300 |
_axvii, 272 pages : _billustrations ; _c26 cm |
||
| 336 |
_2rdacontent _atext _btxt |
||
| 337 |
_2rdamedia _aunmediated _bn |
||
| 338 |
_2rdacarrier _avolume _bnc |
||
| 500 | _a"... for High Beginning/Low Intermediate (A2/B1) level". | ||
| 650 | 7 |
_913993 _aEnglish language _vTextbooks for foreign speakers. _2BUEsh |
|
| 650 | 7 |
_914307 _aEnglish language _vProblems, exercises, etc. _2BUEsh |
|
| 651 | _2BUEsh | ||
| 653 | _bHHUUEENN | ||
| 655 |
_vReading book _934232 |
||
| 700 | 1 |
_914491 _aHartmann, Pamela, _eauthor. |
|
| 942 |
_2ddc _cBB |
||
| 999 |
_c14041 _d14041 |
||